Economía mundial
| Main Authors: | , |
|---|---|
| Format: | Section = Libro |
| Language: | Undetermined Spanish |
| Published: |
México
McGraw-Hill
2012
|
| Edition: | 4a.ed |
| Subjects: |
| LEADER | 00745nam a2200265Ia 4500 | ||
|---|---|---|---|
| 008 | 240830s9999 xx 000 0 und d | ||
| 020 | |a 978-607-15-0772-3 | ||
| 040 | |a B-ESTELÍ- RUACS / 338.91 R427 | ||
| 041 | |a spa | ||
| 082 | |a 338.91 R427 | ||
| 100 | 1 | |a Zill, Dennis G. | |
| 100 | 1 | |b Wright, Warren S. | |
| 245 | 1 | 0 | |a Economía mundial |
| 250 | |a 4a.ed | ||
| 260 | |a México |b McGraw-Hill |c 2012 | ||
| 300 | |a 697 p:il | ||
| 650 | 7 | |a MATEMATICAS - INGENIERÍA | |
| 650 | 7 | |b ANÁLISIS DE FOURIER | |
| 650 | 7 | |c ECUACIONES DIFERENCIALES PARCIALES | |
| 650 | 7 | |d ANÁLISIS COMPLEJOS | |
| 650 | 7 | |e MÉTODOS NUMERICOS OTIMIZACION, GRAFICAS | |
| 650 | 7 | |f PROBABILIDAD Y ESTADISTICA. | |
| 942 | |c BK |2 ddc | ||
| 991 | |a TEXTO | ||
| 999 | |c 10793 | ||